Introducción a la química industrial /
El autor sostiene el punto de vista de que la química industrial debe basarse en el estudio sistemático de las materias primas (aire, agua, agua marina, materias de la litósfera, la biósfera, etc.), describiéndolas y razonando luego el repertorio de transformaciones posibles para conseguir productos...
Uloženo v:
| Hlavní autor: | |
|---|---|
| Médium: | Kniha |
| Jazyk: | španělština |
| Vydáno: |
Barcelona, España :
Reverté,
1998, c1998
|
| Vydání: | 2a edición |
| Témata: | |
| Tagy: |
Žádné tagy, Buďte první, kdo vytvoří štítek k tomuto záznamu!
|
MARC
| LEADER | 00000nam^a2200000^a^4500 | ||
|---|---|---|---|
| 001 | 000113904 | ||
| 005 | 20250521000000.0 | ||
| 009 | 20260310094000.082 | ||
| 020 | |a 84-291-7933-X | ||
| 037 | |a Acervo ITESO - Biblioteca | ||
| 041 | |a ESP | ||
| 082 | |a 660. |b VIA | ||
| 100 | |a Vian Ortuño, Angel |e (autor) | ||
| 245 | 1 | 0 | |a Introducción a la química industrial / |c A. Vian Ortuño. |
| 250 | |a 2a edición | ||
| 264 | 4 | |a Barcelona, España : |b Reverté, |c 1998, c1998 | |
| 300 | |a 636 p. | ||
| 336 | |a texto |b txt |2 rdacontenido | ||
| 337 | |a sin mediación |b n |2 rdamedio | ||
| 338 | |a volumen |b nc |2 rdasoporte | ||
| 520 | |a El autor sostiene el punto de vista de que la química industrial debe basarse en el estudio sistemático de las materias primas (aire, agua, agua marina, materias de la litósfera, la biósfera, etc.), describiéndolas y razonando luego el repertorio de transformaciones posibles para conseguir productos útiles, lo que permite integrar saberes científicos y técnicos. | ||
| 649 | |a XX | ||
| 650 | |a Petroquímica | ||
| 650 | |a Industria Química - |x Tema Principal | ||
| 650 | |a Desechos Industriales | ||
| 650 | |a Contaminación Ambiental | ||
| 650 | |a Ingeniería Química | ||
| 910 | |a Fondo General | ||
| 920 | |a Impresos - Libros | ||
| 930 | |a Colección General | ||
| 905 | |a 101 | ||
| 901 | |a 0500049888 |b IT1 |c ACC |u 20250521 | ||
| 902 | |a https://opac.biblio.iteso.mx/vufind/Record/000113904 | ||